000 01225naa a22003497a 4500
001 BR6009784
003 BR-BrBNA
005 20240918173110.0
007 ta
008 230509b bl.||||| |||| 00| 0 por d
040 _aBR-BrBNA
_bpor
_cBiblioteca Nacional de Agricultura
041 _a(Pt)
072 _aQ10; R00
_b2110
_b9340
_b9135
090 _aQ10 BR6009784
100 1 _aPereira, V. de P.
100 1 _aAssis, J.C.S. de
111 1 _a7. Semana do Fazendeiro; 4. Encontro de Tecnicos e Fazendeiros
_cUrucuca, BA (Brazil)
_d19 Sep 1971
245 1 _aIndustrializacao do mel de cacau [Theobroma cacao]
260 3 _aUrucuca, BA (Brasil):
_c1971.
500 _a7. Semana do Fazendeiro e 4. Encontro de Tecnicos e Fazendeiros Urucuca, BA (Brasil): 1971. v. 1 p. 57-61 (BR6009784-AM)Q10
650 _aTecnologia de alimento
650 _aEconomia domestica
650 _aCacau
650 _aMel
650 _aGeleia
650 _aIndustria alimenticia
650 _aEmbalagem
650 _aMercado
773 0 _t7. Semana do Fazendeiro e 4. Encontro de Tecnicos e Fazendeiros
_wQ10 BR6009784
_gUrucuca, BA (Brasil), 1971. v. 1 p. 57-61
909 _a202404
_bLucia
_c55
_dLucia Elande
942 _cAM
_2AGRIS
999 _c302866
_d302866